Every Champions League Winning Captain and Coach (1993-2022) - Statistics

General Stats
  • This quiz has been taken 51 times
  • The average score is 35 of 60
Answer Stats
Year Captain % Correct
2003 Carlo Ancelotti
92%
2007 Carlo Ancelotti
92%
2014 Carlo Ancelotti
92%
2022 Carlo Ancelotti
92%
2019 Jurgen Klopp
87%
2016 Zinédine Zidane
85%
2017 Zinédine Zidane
85%
2018 Zinédine Zidane
85%
2009 Josep Guardiola
82%
2011 Josep Guardiola
82%
2016 Sergio Ramos
82%
2017 Sergio Ramos
82%
2018 Sergio Ramos
82%
1999 Sir Alex Ferguson
82%
2008 Sir Alex Ferguson
82%
2004 José Mourinho
79%
2010 José Mourinho
79%
2013 Philipp Lahm
77%
2019 Jordan Henderson
74%
2021 Thomas Tuchel
74%
2022 Karim Benzema
72%
2011 Xavi Hernández
72%
2006 Carlos Puyol
69%
2009 Carlos Puyol
69%
2014 Iker Casillas
69%
2003 Paolo Maldini
69%
2007 Paolo Maldini
69%
2005 Steven Gerrard
69%
2020 Hans-Dieter Flick
67%
2015 Luis Enrique
67%
2012 Frank Lampard
64%
2020 Manuel Neuer
62%
2012 Roberto Di Matteo
62%
1998 Jupp Heynckes
59%
2013 Jupp Heynckes
59%
2000 Vicente Del Bosque
56%
2002 Vicente Del Bosque
56%
2015 Andrés Iniesta
54%
2006 Frank Rijkaard
54%
2010 Javier Zanetti
54%
2008 Rio Ferdinand
54%
2021 César Azpilicueta
49%
2005 Rafael Benitez
49%
1993 Didier Deschamps
41%
2002 Fernando Hierro
38%
1995 Louis van Gaal
38%
1996 Marcello Lippi
38%
1994 Fabio Capello
36%
1997 Ottmar Hitzfeld
31%
2001 Ottmar Hitzfeld
31%
2004 Jorge Costa
28%
1999 Peter Schmeichel
28%
2001 Stefan Effenberg
23%
1995 Danny Blind
18%
2000 Fernando Redondo
18%
1993 Raymond Goethals
18%
1996 Gianluca Vialli
13%
1998 Manuel Sanchís
8%
1994 Mauro Tassotti
8%
1997 Stefan Reuter
8%
No matching quizzes found
Score Distribution
Percent of People with Each Score
Percentile by Number Answered
Your Score History
You have not taken this quiz